000 00664nam a2200289Ia 4500
005 20260324130208.0
008 008 260324s9999 xx 000 0 eng d
020 _a9781315701431
037 _aEBOOK
040 _aCRL
040 _beng
040 _cCRL
041 _2eng
041 _aeng
084 _qCRL
100 _aIrene S. Rubin
_91180864
245 0 _aPublic Budgeting
245 0 _bPolicy, Process and Politics
260 _bTaylor and Francis
260 _c2008
365 _a
365 _b350
856 _uhttp://www.taylorfrancis.com/books/9781315701431
942 _cEBOOK
999 _c1776825
_d1776825